[Event "Titled Tuesday intern op 01st Aug Early"]
[Site "Chess.com INT"]
[Date "2023.08.01"]
[Round "2"]
[White "Vyatkin, Dmitry"]
[Black "Kushko, Dmitriy"]
[Result "0-1"]
[WhiteElo "2362"]
[BlackElo "2426"]
[PlyCount "80"]
[EventDate "2023.08.01"]
[EventType "swiss (blitz)"]
[EventRounds "11"]
[EventCountry "USA"]
[SourceTitle "EXT 2024"]
[Source "ChessBase"]
[SourceDate "2023.10.10"]
[SourceVersion "1"]
[SourceVersionDate "2023.10.10"]
[SourceQuality "1"]

1. d4 g6 2. c4 Bg7 3. g3 d6 4. Bg2 Nf6 5. Nc3 0-0 6. Nf3 Nc6 7. 0-0 e5 8. d5 Nb8 9. e4 a5 10. Ne1 Na6 11. Nd3 Nd7 12. f4 exf4 13. gxf4 f5 14. exf5 Rxf5 15. Be3 Ndc5 16. Nb5 Nxd3 17. Qxd3 Bxb2 18. Rae1 Nc5 19. Qc2 Bg7 20. Nd4 Rf8 21. f5 Bxd4 22. Bxd4 Bxf5 23. Qd2 Qd7 24. Ba1 h5 25. Qd4 Kh7 26. Re3 Rae8 27. Rfe1 Rxe3 28. Rxe3 Qf7 29. h3 Nd7 30. Qh4 Re8 31. Bd4 Rxe3 32. Bxe3 b6 33. Qg5 Ne5 34. Qh6+ Kg8 35. Bd4 Qg7 36. Qf4 Kh7 37. Kh2 Qe7 38. Bc3 Qf6 39. Bd4 Kg7 40. Bc3 Bd7 0-1

[Event "Titled Tuesday intern op 25th Jul Early"]
[Site "Chess.com INT"]
[Date "2023.07.25"]
[Round "3"]
[White "Delgado Kuffo, Andres"]
[Black "Vyatkin, Dmitry"]
[Result "0-1"]
[WhiteElo "2320"]
[BlackElo "2362"]
[PlyCount "78"]
[EventDate "2023.07.25"]
[EventType "swiss (blitz)"]
[EventRounds "11"]
[EventCountry "USA"]
[SourceTitle "EXT 2024"]
[Source "ChessBase"]
[SourceDate "2023.10.10"]
[SourceVersion "1"]
[SourceVersionDate "2023.10.10"]
[SourceQuality "1"]

1. e4 e6 2. d4 d5 3. e5 c5 4. c3 Nc6 5. Nf3 Bd7 6. a3 c4 7. Be3 Na5 8. Nbd2 Bc6 9. h4 Qd7 10. h5 h6 11. Rc1 Ba4 12. Qe2 0-0-0 13. Nh4 Be7 14. f4 Bxh4+ 15. Rxh4 f6 16. g4 fxe5 17. dxe5 b6 18. Nf3 Nb3 19. Rb1 Ne7 20. Qf2 Kb7 21. Be2 Rhf8 22. Kf1 d4 23. Nxd4 Nxd4 24. cxd4 b5 25. Bf3+ Nd5 26. Kg1 Kb8 27. Bxd5 Qxd5 28. Qg2 Qd7 29. Rf1 b4 30. axb4 Bc6 31. Qg3 Qd5 32. f5 Kb7 33. f6 gxf6 34. exf6 Rf7 35. Bxh6 Qxd4+ 36. Qf2 Qe4 37. g5 Qd5 38. g6 Rxf6 39. Qxf6 Qg2# 0-1

[Event "Titled Tuesday intern op 25th Jul Early"]
[Site "Chess.com INT"]
[Date "2023.07.25"]
[Round "4"]
[White "Djordjevic, Vuk D"]
[Black "Vyatkin, Dmitry"]
[Result "0-1"]
[WhiteElo "2385"]
[BlackElo "2362"]
[PlyCount "114"]
[EventDate "2023.07.25"]
[EventType "swiss (blitz)"]
[EventRounds "11"]
[EventCountry "USA"]
[SourceTitle "EXT 2024"]
[Source "ChessBase"]
[SourceDate "2023.10.10"]
[SourceVersion "1"]
[SourceVersionDate "2023.10.10"]
[SourceQuality "1"]

1. d4 Nf6 2. Bg5 d5 3. Bxf6 exf6 4. e3 Bd6 5. c4 dxc4 6. Bxc4 0-0 7. Nc3 c6 8. Nf3 Bg4 9. h3 Bf5 10. e4 Qe7 11. Bd3 Bxe4 12. Bxe4 f5 13. Qe2 fxe4 14. Nxe4 Re8 15. Nc3 Qf8 16. Ne5 f6 17. f4 fxe5 18. fxe5 Bb4 19. Rf1 Bxc3+ 20. bxc3 Qe7 21. Rb1 b5 22. Qe4 Qe6 23. Rb2 Nd7 24. Re2 Nb6 25. Rf3 Nd5 26. Rg3 Rf8 27. Rc2 Rf4 28. Qe2 Raf8 29. Qd3 Qf7 30. Re2 Rf1+ 31. Kd2 Qf4+ 32. Kc2 Qc1+ 33. Kb3 Rd1 34. Qc2 Qxc2+ 35. Rxc2 Rb1+ 36. Ka3 Rb8 37. Rb2 Rxb2 38. Kxb2 Rf8 39. Kb3 Rf1 40. a4 a6 41. axb5 axb5 42. c4 bxc4+ 43. Kxc4 Rc1+ 44. Kb3 Kf7 45. Rf3+ Ke7 46. Rg3 g6 47. Rf3 Rd1 48. Kc4 Rc1+ 49. Kb3 Rg1 50. g3 g5 51. Kc4 Rh1 52. h4 g4 53. Ra3 Rc1+ 54. Kd3 Rg1 55. Ke4 Ke6 56. Ra7 Rxg3 57. Rxh7 Re3# 0-1

[Event "Titled Tuesday intern op 25th Jul Early"]
[Site "Chess.com INT"]
[Date "2023.07.25"]
[Round "7"]
[White "Omariev, Maksim"]
[Black "Vyatkin, Dmitry"]
[Result "1-0"]
[WhiteElo "2304"]
[BlackElo "2362"]
[PlyCount "89"]
[EventDate "2023.07.25"]
[EventType "swiss (blitz)"]
[EventRounds "11"]
[EventCountry "USA"]
[SourceTitle "EXT 2024"]
[Source "ChessBase"]
[SourceDate "2023.10.10"]
[SourceVersion "1"]
[SourceVersionDate "2023.10.10"]
[SourceQuality "1"]

1. g4 e5 2. Bg2 Nc6 3. c4 d6 4. h3 g6 5. d3 Bg7 6. Nc3 Nge7 7. Nf3 0-0 8. Bg5 h6 9. Bh4 Be6 10. Qd2 Qd7 11. e4 a6 12. Nd5 f5 13. gxf5 gxf5 14. 0-0-0 b5 15. Rhg1 bxc4 16. dxc4 Kh8 17. Bxe7 Nxe7 18. Nh4 Bxd5 19. cxd5 Qe8 20. Bf3 f4 21. Bg4 Rb8 22. Bf5 Qh5 23. Rg4 Nxf5 24. Nxf5 Rxf5 25. exf5 Qxf5 26. Rdg1 Bf6 27. Qc2 e4 28. b3 Qe5 29. Qxc7 Qb2+ 30. Kd1 Qb1+ 31. Qc1 Qd3+ 32. Qd2 Qf3+ 33. Qe2 Be5 34. Qxf3 exf3 35. Rg6 Kh7 36. Re6 Rb5 37. Re7+ Kh8 38. Re8+ Kh7 39. Re7+ Kh8 40. Kd2 Rxd5+ 41. Kc2 Rc5+ 42. Kd3 Rc8 43. Ke4 Rf8 44. Kxf3 Rc8 45. Rg6 1-0

[Event "Titled Tuesday intern op 25th Jul Early"]
[Site "Chess.com INT"]
[Date "2023.07.25"]
[Round "6"]
[White "Vyatkin, Dmitry"]
[Black "Nagy, Gabor"]
[Result "0-1"]
[WhiteElo "2362"]
[BlackElo "2461"]
[PlyCount "100"]
[EventDate "2023.07.25"]
[EventType "swiss (blitz)"]
[EventRounds "11"]
[EventCountry "USA"]
[SourceTitle "EXT 2024"]
[Source "ChessBase"]
[SourceDate "2023.10.10"]
[SourceVersion "1"]
[SourceVersionDate "2023.10.10"]
[SourceQuality "1"]

1. d4 c6 2. c4 d5 3. Nf3 Nf6 4. g3 e6 5. Bg2 Be7 6. 0-0 Nbd7 7. Qc2 0-0 8. Nbd2 b6 9. e4 Ba6 10. b3 Rc8 11. e5 Ne8 12. Rd1 Nc7 13. a4 c5 14. Bb2 Nb8 15. a5 Nc6 16. axb6 axb6 17. cxd5 Nb4 18. Qe4 Bd3 19. Qg4 Ncxd5 20. dxc5 Bf5 21. Qh5 Bxc5 22. Nc4 Nd3 23. Bd4 Bg6 24. Qg4 h5 25. Qh4 Qxh4 26. gxh4 N5f4 27. Bxc5 Rxc5 28. Bf1 b5 29. Ne3 Nxe5 30. Nxe5 Rxe5 31. Rd4 Re4 32. Rxe4 Bxe4 33. Bxb5 Rb8 34. Bc4 g6 35. Kf1 Kg7 36. Ra4 Bf3 37. Ke1 Rd8 38. Ra1 e5 39. b4 f5 40. b5 Nd3+ 41. Kf1 f4 42. Nc2 Nc5 43. b6 Rd2 44. Na3 e4 45. Rb1 e3 46. fxe3 fxe3 47. Re1 Bg2+ 48. Kg1 Bb7 49. Rxe3 Kf6 50. Rf3+ Bxf3 0-1

[Event "Titled Tuesday intern op 25th Jul Early"]
[Site "Chess.com INT"]
[Date "2023.07.25"]
[Round "11"]
[White "Vyatkin, Dmitry"]
[Black "Pandey, Srishti"]
[Result "1-0"]
[WhiteElo "2362"]
[BlackElo "2133"]
[PlyCount "49"]
[EventDate "2023.07.25"]
[EventType "swiss (blitz)"]
[EventRounds "11"]
[EventCountry "USA"]
[SourceTitle "EXT 2024"]
[Source "ChessBase"]
[SourceDate "2023.10.10"]
[SourceVersion "1"]
[SourceVersionDate "2023.10.10"]
[SourceQuality "1"]

1. d4 d5 2. c4 c6 3. Nf3 Nf6 4. g3 e6 5. Bg2 dxc4 6. 0-0 Be7 7. Ne5 0-0 8. Nxc4 b5 9. Ne5 Bb7 10. Nc3 a6 11. a3 Nfd7 12. Nd3 Qb6 13. Be3 c5 14. dxc5 Qc7 15. b4 Bxg2 16. Kxg2 Nc6 17. Qc2 Nce5 18. Nxe5 Nxe5 19. Bf4 Rfd8 20. Qe4 Bf6 21. Rad1 g5 22. Bc1 Nc4 23. Qf3 Bg7 24. Bxg5 Rxd1 25. Qxa8+ 1-0

[Event "Titled Tuesday intern op 18th Jul Early"]
[Site "Chess.com INT"]
[Date "2023.07.18"]
[Round "1"]
[White "Kamsky, Gata"]
[Black "Vyatkin, Dmitry"]
[Result "1-0"]
[WhiteElo "2655"]
[BlackElo "2362"]
[PlyCount "41"]
[EventDate "2023.07.18"]
[EventType "swiss (blitz)"]
[EventRounds "11"]
[EventCountry "USA"]
[SourceTitle "EXT 2024"]
[Source "ChessBase"]
[SourceDate "2023.10.10"]
[SourceVersion "1"]
[SourceVersionDate "2023.10.10"]
[SourceQuality "1"]

1. d4 Nf6 2. Bf4 g6 3. c3 Bg7 4. Nf3 0-0 5. h3 c5 6. e3 b6 7. Nbd2 Bb7 8. Bd3 d5 9. Qb1 Nc6 10. b4 cxb4 11. cxb4 a6 12. 0-0 Nd7 13. Qb2 Re8 14. b5 axb5 15. Bxb5 Na5 16. Rfc1 Rc8 17. Rxc8 Qxc8 18. Rc1 Nc4 19. Nxc4 dxc4 20. Rxc4 Qd8 21. Rc7 1-0

[Event "Titled Tuesday intern op 18th Jul Early"]
[Site "Chess.com INT"]
[Date "2023.07.18"]
[Round "3"]
[White "Rasulov, Vugar Ural Oglu"]
[Black "Vyatkin, Dmitry"]
[Result "1-0"]
[WhiteElo "2540"]
[BlackElo "2362"]
[PlyCount "105"]
[EventDate "2023.07.18"]
[EventType "swiss (blitz)"]
[EventRounds "11"]
[EventCountry "USA"]
[SourceTitle "EXT 2024"]
[Source "ChessBase"]
[SourceDate "2023.10.10"]
[SourceVersion "1"]
[SourceVersionDate "2023.10.10"]
[SourceQuality "1"]

1. Nf3 Nf6 2. e3 g6 3. c4 Bg7 4. b4 0-0 5. Bb2 d6 6. d4 Nbd7 7. Be2 e5 8. dxe5 Ng4 9. 0-0 Ngxe5 10. Nxe5 Nxe5 11. Nc3 Be6 12. c5 dxc5 13. bxc5 Nc4 14. Bxc4 Bxc4 15. Re1 Qxd1 16. Rexd1 Rfd8 17. Na4 Rxd1+ 18. Rxd1 Bxa2 19. Bxg7 Kxg7 20. Nc3 Be6 21. Nb5 c6 22. Nc7 Rf8 23. Nxe6+ fxe6 24. f3 Kf6 25. Kf2 b6 26. Rd6 b5 27. Rxc6 b4 28. Ke2 Ke5 29. Ra6 b3 30. Kd2 Rb8 31. Kc1 Kd5 32. Rxa7 h5 33. Rc7 b2+ 34. Kb1 Kc4 35. c6 Kc3 36. Rb7 Rc8 37. Rxb2 Kd3 38. Rb3+ Ke2 39. Rc3 Kf2 40. Rc2+ Kxe3 41. Kb2 Kd4 42. Kb3 Kd5 43. c7 Kd6 44. Kb4 Rxc7 45. Rxc7 Kxc7 46. Kc5 Kd7 47. Kd4 Kd6 48. f4 Kd7 49. Ke5 Ke7 50. g3 Kf7 51. h3 Ke7 52. g4 h4 53. g5 1-0

[Event "Titled Tuesday intern op 18th Jul Early"]
[Site "Chess.com INT"]
[Date "2023.07.18"]
[Round "11"]
[White "Rosh, Jain"]
[Black "Vyatkin, Dmitry"]
[Result "0-1"]
[WhiteElo "2248"]
[BlackElo "2362"]
[PlyCount "162"]
[EventDate "2023.07.18"]
[EventType "swiss (blitz)"]
[EventRounds "11"]
[EventCountry "USA"]
[SourceTitle "EXT 2024"]
[Source "ChessBase"]
[SourceDate "2023.10.10"]
[SourceVersion "1"]
[SourceVersionDate "2023.10.10"]
[SourceQuality "1"]

1. e4 e6 2. d4 d5 3. Nc3 Nf6 4. Bg5 Be7 5. e5 Nfd7 6. Bxe7 Qxe7 7. f4 a6 8. Nf3 c5 9. dxc5 Nc6 10. Bd3 Nxc5 11. 0-0 Bd7 12. Qe1 0-0-0 13. Qf2 Kb8 14. a3 f6 15. exf6 gxf6 16. b4 Nxd3 17. cxd3 Qd6 18. b5 Ne7 19. bxa6 Qxa6 20. Qc5 Nf5 21. Rab1 Qa7 22. Qxa7+ Kxa7 23. Rb3 Rc8 24. Rfb1 Rc7 25. Ne2 Re8 26. Kf2 e5 27. fxe5 fxe5 28. Rc3 Bc6 29. d4 e4 30. Ne5 Rxe5 31. dxe5 d4 32. Rc5 d3 33. Nc3 e3+ 34. Ke1 Rg7 35. Nb5+ Bxb5 36. Rcxb5 Nd4 37. R5b2 d2+ 38. Rxd2 exd2+ 39. Kxd2 Rxg2+ 40. Kc3 Nc6 41. e6 Re2 42. Rg1 Rxe6 43. Rg7 Rh6 44. Rg2 Rh3+ 45. Kb2 Kb6 46. Rc2 Kb5 47. Rd2 h5 48. Rd5+ Kc4 49. Rd2 b5 50. Rg2 Nd4 51. Rd2 Nf3 52. Rc2+ Kd5 53. Rc3 Rxh2+ 54. Kb3 Nd4+ 55. Kb4 Rb2+ 56. Ka5 Rb3 57. Rc8 Rxa3+ 58. Kb6 h4 59. Rc5+ Ke4 60. Rh5 h3 61. Rh4+ Kd5 62. Rh5+ Kc4 63. Rc5+ Kd3 64. Rh5 Ke2 65. Re5+ Kf2 66. Rd5 h2 67. Rh5 Kg2 68. Rg5+ Rg3 69. Rh5 Rh3 70. Rg5+ Kf3 71. Rg7 h1Q 72. Rf7+ Ke4 73. Re7+ Kd3 74. Re3+ Kxe3 75. Ka7 Kd3 76. Kb8 b4 77. Ka7 b3 78. Kb8 b2 79. Ka7 b1Q 80. Ka6 Qh2 81. Ka7 Qha2# 0-1

[Event "Titled Tuesday intern op 18th Jul Early"]
[Site "Chess.com INT"]
[Date "2023.07.18"]
[Round "10"]
[White "Vyatkin, Dmitry"]
[Black "Preotu, Razvan"]
[Result "0-1"]
[WhiteElo "2362"]
[BlackElo "2481"]
[PlyCount "94"]
[EventDate "2023.07.18"]
[EventType "swiss (blitz)"]
[EventRounds "11"]
[EventCountry "USA"]
[SourceTitle "EXT 2024"]
[Source "ChessBase"]
[SourceDate "2023.10.10"]
[SourceVersion "1"]
[SourceVersionDate "2023.10.10"]
[SourceQuality "1"]

1. d4 Nf6 2. c4 g6 3. g3 c6 4. Bg2 d5 5. Nf3 Bg7 6. 0-0 0-0 7. b3 dxc4 8. bxc4 c5 9. Bb2 cxd4 10. Nxd4 Qb6 11. Qb3 Nfd7 12. e3 Nc5 13. Qxb6 axb6 14. Nd2 Rd8 15. N2b3 Nba6 16. Ba3 Bf5 17. Nxf5 gxf5 18. Rad1 e6 19. Rxd8+ Rxd8 20. Nxc5 Nxc5 21. Bxc5 bxc5 22. Bxb7 Rd3 23. a4 Ra3 24. Bc6 Be5 25. Rd1 Kg7 26. Rd7 Ra2 27. Ra7 Kf8 28. a5 Bc3 29. a6 Be1 30. Bb5 Bxf2+ 31. Kf1 Bxe3 32. Rb7 f4 33. gxf4 Bxf4 34. a7 Kg7 35. Bc6 Bxh2 36. Rd7 Be5 37. a8Q Rxa8 38. Bxa8 Bd4 39. Ke2 Kf8 40. Kf3 h6 41. Kg4 Kg7 42. Be4 Kf6 43. Bd3 Be5 44. Kh5 Bf4 45. Bh7 Kg7 46. Bg6 Kf6 47. Rxf7+ Ke5 0-1

[Event "Titled Tuesday intern op 04th Jul Early"]
[Site "Chess.com INT"]
[Date "2023.07.04"]
[Round "5"]
[White "Petrova, Irina"]
[Black "Vyatkin, Dmitry"]
[Result "0-1"]
[WhiteElo "2108"]
[BlackElo "2362"]
[PlyCount "116"]
[EventDate "2023.07.04"]
[EventType "swiss (blitz)"]
[EventRounds "11"]
[EventCountry "USA"]
[SourceTitle "EXT 2024"]
[Source "ChessBase"]
[SourceDate "2023.10.10"]
[SourceVersion "1"]
[SourceVersionDate "2023.10.10"]
[SourceQuality "1"]

1. e4 e6 2. d4 d5 3. Nc3 Nf6 4. Bg5 Be7 5. e5 Nfd7 6. Bxe7 Qxe7 7. f4 a6 8. Nf3 c5 9. Qd2 Nc6 10. dxc5 Qxc5 11. Qf2 b5 12. Bd3 Bb7 13. Qxc5 Nxc5 14. Ne2 Ke7 15. Ned4 Rac8 16. Nxc6+ Bxc6 17. Nd4 f6 18. 0-0 Na4 19. Rae1 Bd7 20. b3 Nc5 21. f5 fxe5 22. Rxe5 Kd6 23. Rfe1 Nxd3 24. cxd3 exf5 25. Nxf5+ Bxf5 26. Rxf5 Rhf8 27. Rxf8 Rxf8 28. d4 b4 29. g3 Rc8 30. Re2 Rc3 31. Kf2 Rd3 32. Re8 Rxd4 33. Ke3 Rd1 34. Ra8 g5 35. Rxa6+ Ke5 36. Rb6 d4+ 37. Ke2 Ra1 38. Rxb4 Rxa2+ 39. Kd3 Rxh2 40. Rb5+ Kf6 41. Kxd4 Rg2 42. Rb7 h5 43. b4 Rxg3 44. b5 Rb3 45. b6 Kf5 46. Rb8 h4 47. b7 Kg4 48. Ke5 h3 49. Kf6 Rb6+ 50. Ke5 h2 51. Rh8 Kg3 52. Kf5 g4 53. b8Q+ Rxb8 54. Rxb8 h1Q 55. Rb3+ Kh4 56. Rb4 Qf3+ 57. Rf4 Qxf4+ 58. Kxf4 g3 0-1

[Event "Titled Tuesday intern op 04th Jul Early"]
[Site "Chess.com INT"]
[Date "2023.07.04"]
[Round "2"]
[White "Xiong, Jeffery"]
[Black "Vyatkin, Dmitry"]
[Result "1-0"]
[WhiteElo "2693"]
[BlackElo "2362"]
[PlyCount "51"]
[EventDate "2023.07.04"]
[EventType "swiss (blitz)"]
[EventRounds "11"]
[EventCountry "USA"]
[SourceTitle "EXT 2024"]
[Source "ChessBase"]
[SourceDate "2023.10.10"]
[SourceVersion "1"]
[SourceVersionDate "2023.10.10"]
[SourceQuality "1"]

1. e4 e6 2. d4 d5 3. e5 c5 4. c3 Nc6 5. Nf3 Bd7 6. Be2 Qc7 7. 0-0 f6 8. Re1 fxe5 9. dxe5 Nge7 10. c4 d4 11. Bd3 g6 12. Bf4 Bg7 13. h4 0-0 14. Bh2 Nf5 15. Nbd2 h6 16. a3 Rf7 17. Ne4 b6 18. Nd6 Rff8 19. h5 g5 20. Nxf5 exf5 21. e6 f4 22. exd7 Qxd7 23. Bc2 Qg4 24. Qd3 Qxh5 25. Qh7+ Kf7 26. Be4 1-0

[Event "Titled Tuesday intern op 27th Jun Early"]
[Site "Chess.com INT"]
[Date "2023.06.27"]
[Round "8"]
[White "Vyatkin, Dmitry"]
[Black "Osinovsky, Stepan"]
[Result "1-0"]
[WhiteElo "2362"]
[BlackElo "2241"]
[PlyCount "79"]
[EventDate "2023.06.27"]
[EventType "swiss (blitz)"]
[EventRounds "11"]
[EventCountry "USA"]
[SourceTitle "EXT 2024"]
[Source "ChessBase"]
[SourceDate "2023.10.10"]
[SourceVersion "1"]
[SourceVersionDate "2023.10.10"]
[SourceQuality "1"]

1. d4 Nf6 2. c4 g6 3. g3 Bg7 4. Bg2 0-0 5. Nc3 d6 6. Nf3 Nbd7 7. 0-0 e5 8. e4 Re8 9. Re1 c6 10. h3 h6 11. Be3 Qe7 12. Qc2 Nh7 13. Rad1 Ng5 14. Nxg5 hxg5 15. Qd2 Bf6 16. d5 c5 17. a3 Kg7 18. b4 b6 19. Bf3 Rh8 20. Bg4 a5 21. bxc5 Nxc5 22. Bxc5 bxc5 23. Kg2 Rh7 24. Rh1 Ba6 25. Qd3 Rah8 26. Rb1 Qd8 27. Nd1 Qc7 28. Ne3 Rd8 29. Rb2 Rhh8 30. Rhb1 Rb8 31. Qc3 Rhd8 32. Rxb8 Rxb8 33. Rxb8 Qxb8 34. Qxa5 Qb7 35. a4 Be7 36. Bd7 Kf8 37. Bc6 Qc8 38. Bb5 Bb7 39. Qa7 Bd8 40. a5 1-0

[Event "Titled Tuesday intern op 27th Jun Early"]
[Site "Chess.com INT"]
[Date "2023.06.27"]
[Round "3"]
[White "Zampronha, Wladimir Camilo"]
[Black "Vyatkin, Dmitry"]
[Result "0-1"]
[WhiteElo "2176"]
[BlackElo "2362"]
[PlyCount "64"]
[EventDate "2023.06.27"]
[EventType "swiss (blitz)"]
[EventRounds "11"]
[EventCountry "USA"]
[SourceTitle "EXT 2024"]
[Source "ChessBase"]
[SourceDate "2023.10.10"]
[SourceVersion "1"]
[SourceVersionDate "2023.10.10"]
[SourceQuality "1"]

1. e4 e6 2. d4 d5 3. Nc3 Nf6 4. e5 Nfd7 5. f4 c5 6. Nf3 Nc6 7. Be3 a6 8. Qd2 b5 9. a3 Bb7 10. Be2 Qb6 11. 0-0 cxd4 12. Nxd4 Bc5 13. Rad1 0-0 14. Bf3 Rac8 15. Nce2 a5 16. Kh1 b4 17. a4 Ba6 18. Rfe1 Bxe2 19. Rxe2 Nxd4 20. Bxd4 Qc6 21. Bxc5 Nxc5 22. b3 Nd7 23. Qd4 Qc5 24. Qxc5 Rxc5 25. Rdd2 Rfc8 26. Rf2 Rc3 27. Bd1 Nc5 28. Bf3 Re3 29. Rfe2 Nxb3 30. Rxe3 Nxd2 31. Bd1 Ne4 32. Kg1 Nc3 0-1

[Event "Titled Tuesday intern op 20th Jun Early"]
[Site "Chess.com INT"]
[Date "2023.06.20"]
[Round "4"]
[White "Starozhilov, Leonid"]
[Black "Vyatkin, Dmitry"]
[Result "1-0"]
[WhiteElo "2294"]
[BlackElo "2362"]
[PlyCount "59"]
[EventDate "2023.06.20"]
[EventType "swiss (blitz)"]
[EventRounds "11"]
[EventCountry "USA"]
[SourceTitle "EXT 2024"]
[Source "ChessBase"]
[SourceDate "2023.10.10"]
[SourceVersion "1"]
[SourceVersionDate "2023.10.10"]
[SourceQuality "1"]

1. e4 e6 2. d4 d5 3. Nc3 Nf6 4. Bg5 Be7 5. e5 Nfd7 6. h4 h6 7. Bxe7 Qxe7 8. f4 0-0 9. Nf3 c5 10. Qd2 Nc6 11. g4 cxd4 12. Nxd4 f6 13. 0-0-0 fxe5 14. fxe5 Ndxe5 15. g5 Nxd4 16. Qxd4 Nf3 17. Qe3 hxg5 18. Nxd5 Qf7 19. hxg5 exd5 20. Bd3 g6 21. Rh6 Ne5 22. Qxe5 Qf4+ 23. Qxf4 Rxf4 24. Rxg6+ Kf7 25. Rh1 Ke7 26. Rh7+ Rf7 27. Rgg7 Rxg7 28. Rxg7+ Kd6 29. Rg8 Ke7 30. Bf5 1-0

[Event "Titled Tuesday intern op 20th Jun Early"]
[Site "Chess.com INT"]
[Date "2023.06.20"]
[Round "8"]
[White "Vyatkin, Dmitry"]
[Black "Degenbaev, Aziz"]
[Result "1-0"]
[WhiteElo "2362"]
[BlackElo "2151"]
[PlyCount "48"]
[EventDate "2023.06.20"]
[EventType "swiss (blitz)"]
[EventRounds "11"]
[EventCountry "USA"]
[SourceTitle "EXT 2024"]
[Source "ChessBase"]
[SourceDate "2023.10.10"]
[SourceVersion "1"]
[SourceVersionDate "2023.10.10"]
[SourceQuality "1"]

1. d4 Nf6 2. c4 g6 3. g3 Bg7 4. Bg2 c5 5. d5 d6 6. Nc3 0-0 7. Nf3 e6 8. 0-0 Re8 9. Nd2 Na6 10. dxe6 fxe6 11. Nde4 Nxe4 12. Nxe4 d5 13. Bg5 Qd7 14. Nf6+ Bxf6 15. Bxf6 d4 16. e3 dxe3 17. Qxd7 Bxd7 18. Bxb7 Nb4 19. Bxa8 Rxa8 20. fxe3 Nc2 21. Rad1 Bc6 22. Rd6 Be4 23. Rf4 Bf5 24. g4 e5 1-0

[Event "Titled Tuesday intern op 13th Jun Early"]
[Site "Chess.com INT"]
[Date "2023.06.13"]
[Round "5"]
[White "Altman, Joshua"]
[Black "Vyatkin, Dmitry"]
[Result "1-0"]
[WhiteElo "2120"]
[BlackElo "2362"]
[PlyCount "55"]
[EventDate "2023.06.13"]
[EventType "swiss (blitz)"]
[EventRounds "11"]
[EventCountry "USA"]
[SourceTitle "EXT 2024"]
[Source "ChessBase"]
[SourceDate "2023.10.10"]
[SourceVersion "1"]
[SourceVersionDate "2023.10.10"]
[SourceQuality "1"]

1. d4 Nf6 2. c4 g6 3. Nc3 Bg7 4. Nf3 0-0 5. Bg5 d6 6. e3 Nbd7 7. Be2 c6 8. Qc2 e5 9. 0-0 Qe7 10. Rfd1 h6 11. Bh4 Re8 12. dxe5 dxe5 13. Nd2 Nf8 14. Nde4 Bf5 15. Bd3 Bxe4 16. Nxe4 N8h7 17. c5 g5 18. Bg3 Nxe4 19. Bxe4 Nf6 20. Bf5 Nh5 21. Rd7 Qf6 22. Rad1 Nxg3 23. hxg3 e4 24. Bxe4 Qxb2 25. Bh7+ Kh8 26. Qxb2 Bxb2 27. Rxf7 Rad8 28. Rb1 1-0

[Event "Titled Tuesday intern op 06th Jun Early"]
[Site "Chess.com INT"]
[Date "2023.06.06"]
[Round "5"]
[White "Quintiliano Pinto, Renato Rodrigues"]
[Black "Vyatkin, Dmitry"]
[Result "1-0"]
[WhiteElo "2509"]
[BlackElo "2362"]
[PlyCount "79"]
[EventDate "2023.06.06"]
[EventType "swiss (blitz)"]
[EventRounds "11"]
[EventCountry "USA"]
[SourceTitle "EXT 2024"]
[Source "ChessBase"]
[SourceDate "2023.10.10"]
[SourceVersion "1"]
[SourceVersionDate "2023.10.10"]
[SourceQuality "1"]

1. e4 e6 2. d4 d5 3. Nd2 c5 4. exd5 Qxd5 5. dxc5 Bxc5 6. Ngf3 Nf6 7. Bc4 Qd6 8. Qe2 Qc7 9. 0-0 Nbd7 10. a4 0-0 11. a5 Bd6 12. Nb3 Ne5 13. Nxe5 Bxe5 14. h3 Bd7 15. Bd3 Bc6 16. Nd2 Bh2+ 17. Kh1 Bf4 18. Nc4 Rfd8 19. Kg1 Rac8 20. Be3 Bb5 21. b3 Bxe3 22. Qxe3 Qc5 23. Qg3 Rd5 24. Rfe1 Rg5 25. Qe3 Qxe3 26. Rxe3 Nd5 27. Rf3 Rd8 28. Re1 Nb4 29. Be4 Bxc4 30. bxc4 Rxa5 31. Rb3 Ra4 32. Bxb7 Nxc2 33. Rc1 Rxc4 34. Ba6 Nd4 35. Bxc4 Nxb3 36. Bxb3 g6 37. Rc7 a5 38. Ra7 Rb8 39. Ba4 Rb5 40. Bxb5 1-0

[Event "Titled Tuesday intern op 06th Jun Early"]
[Site "Chess.com INT"]
[Date "2023.06.06"]
[Round "2"]
[White "Vyatkin, Dmitry"]
[Black "Kuzmin, Ilya"]
[Result "1-0"]
[WhiteElo "2362"]
[BlackElo "2113"]
[PlyCount "59"]
[EventDate "2023.06.06"]
[EventType "swiss (blitz)"]
[EventRounds "11"]
[EventCountry "USA"]
[SourceTitle "EXT 2024"]
[Source "ChessBase"]
[SourceDate "2023.10.10"]
[SourceVersion "1"]
[SourceVersionDate "2023.10.10"]
[SourceQuality "1"]

1. d4 Nf6 2. c4 c5 3. d5 b5 4. cxb5 a6 5. bxa6 e6 6. Nc3 exd5 7. Nxd5 Nxd5 8. Qxd5 Nc6 9. e4 Be7 10. Nf3 0-0 11. Bc4 Bxa6 12. Bxa6 Qa5+ 13. Qd2 Qxa6 14. Qe2 Nb4 15. Qxa6 Rxa6 16. Ke2 Nc2 17. Rb1 Rxa2 18. Bd2 Bf6 19. e5 Re8 20. Kd3 Na3 21. bxa3 Rxa3+ 22. Bc3 Bd8 23. Ra1 Rxa1 24. Rxa1 g5 25. h3 h5 26. g4 hxg4 27. hxg4 Kh7 28. Ra8 Rg8 29. Bd2 Re8 30. Bxg5 1-0

[Event "Titled Tuesday intern op 06th Jun Early"]
[Site "Chess.com INT"]
[Date "2023.06.06"]
[Round "6"]
[White "Vyatkin, Dmitry"]
[Black "Vaglio Munoz, Jaime"]
[Result "0-1"]
[WhiteElo "2362"]
[BlackElo "2174"]
[PlyCount "42"]
[EventDate "2023.06.06"]
[EventType "swiss (blitz)"]
[EventRounds "11"]
[EventCountry "USA"]
[SourceTitle "EXT 2024"]
[Source "ChessBase"]
[SourceDate "2023.10.10"]
[SourceVersion "1"]
[SourceVersionDate "2023.10.10"]
[SourceQuality "1"]

1. d4 c6 2. c4 b5 3. e4 bxc4 4. Bxc4 d5 5. exd5 cxd5 6. Bd3 Nf6 7. h3 Qa5+ 8. Nc3 Ba6 9. Nf3 e6 10. 0-0 Be7 11. a3 Bxd3 12. Qxd3 0-0 13. b4 Bxb4 14. axb4 Qxa1 15. Bg5 Qa6 16. b5 Qd6 17. Bxf6 gxf6 18. Qe3 Kh8 19. Ne2 Nd7 20. Nf4 Rg8 21. Nh5 a6 0-1

[Event "Speed Chess GP1"]
[Site "Chess.com INT"]
[Date "2021.09.18"]
[Round "4"]
[White "Muhammed, Shuaau"]
[Black "Vyatkin, Dmitry"]
[Result "0-1"]
[WhiteElo "1925"]
[BlackElo "2362"]
[PlyCount "56"]
[EventDate "2021.09.18"]
[EventType "swiss (blitz)"]
[EventRounds "10"]
[EventCountry "USA"]
[SourceTitle "CBM 204 Extra"]
[Source "ChessBase"]
[SourceDate "2021.11.30"]
[SourceVersion "1"]
[SourceVersionDate "2021.11.30"]
[SourceQuality "1"]

1. e4 e6 2. Nf3 d5 3. Nc3 Nf6 4. exd5 exd5 5. d4 Be7 6. Bf4 0-0 7. Bd3 Bg4 8. h3 Bh5 9. g4 Bg6 10. Qd2 Bb4 11. 0-0-0 Be4 12. a3 Bxf3 13. axb4 Bxd1 14. Rxd1 Nc6 15. Ne2 Ne4 16. Bxe4 dxe4 17. d5 Ne7 18. Ng3 Re8 19. Be3 Ng6 20. Nf5 Qd7 21. h4 a5 22. b5 Qxb5 23. Qd4 Ne5 24. d6 a4 25. d7 Red8 26. Bf4 f6 27. h5 Rxd7 28. Qxd7 Nxd7 0-1